000 00763nam a2200241Ia 4500
999 _c36001
_d36001
001 1900
003 GE_BSU
005 20190424170236.0
008 181216s||||||||xx |||||||||||||| ||und||
020 _a5930041954
040 _cGE_BSU
080 _a342.9(075.8)
100 _aБочаров, С.Н. [и.др.]
_9479
245 _aАдминистративная юрисдикция /
_bУчебное пособие.
260 _aМосква
260 _bЩит-М
260 _c2006
300 _a318 с. ;
_b19 см.
653 _aАдминистративная юрсидикция.
653 _aსამართალი
653 _aადმინისტრაციული იურისდიქცია
942 _cBK
_2udc